| 000 | 00758nam a2200229 a 4500 | ||
|---|---|---|---|
| 001 | 000034697 | ||
| 005 | 20200930073839.0 | ||
| 008 | 111019s1970 fr 000 0 fre d | ||
| 040 |
_aDO-SdBNP _bspa _cBNPHU |
||
| 082 |
_a149.96 _bP579s, 1970 |
||
| 100 | 1 |
_aPiaget, Jean, _d1896-1980 _940350 |
|
| 245 | 1 | 3 |
_aLe structuralisme / _cpar Jean Piaget. |
| 250 | _a4a. ed. | ||
| 260 |
_aParis : _bUniversitaires de France, _c1970. |
||
| 300 |
_a125 p. ; _c18 cm. |
||
| 490 | 0 |
_aQue sais-je? ; _vno 1311 |
|
| 504 | _aBibliografia: p. 127 | ||
| 590 | _aPerteneció a la biblioteca personal de Juan Isidro Jimenes Grullón. | ||
| 650 | 2 | 4 |
_aEstructuralismo (filosofía) _95314 |
| 830 | 0 |
_aQue sais-je? _nno. 1311 _960142 |
|
| 910 | _aValidado. Control de calidad MFF | ||
| 999 |
_c34188 _d34188 |
||